| 000 | 05966cam a22019214i 4500 | ||
|---|---|---|---|
| 003 | PE-LiUPU | ||
| 005 | 20250813165333.0 | ||
| 008 | 151215s2008 mx a r 001 0 spa d | ||
| 020 | _a9789702610847 | ||
| 035 | _a(Sirsi) a155514 | ||
| 040 |
_aPE-LiUPU _bspa _cPE-LiUPU _erda |
||
| 082 | 0 | 4 |
_a658.15 _bB39 |
| 100 | 1 |
_aBerk, Jonathan, _eautor. |
|
| 245 | 1 | 0 |
_aFinanzas corporativas / _cJonathan Berk, Peter Demarzo ; traducción Javier Enríquez Brito ; revisión técnica Humberto Valencia Herrera. |
| 264 | 1 |
_aMéxico : _bPearson Educación, _c2008. |
|
| 300 |
_axxxvii, 988 páginas : _bilustraciones ; _c27 centímetros. |
||
| 336 |
_atext _2rdacontent |
||
| 337 |
_aunmediated _2rdamedia |
||
| 338 |
_avolume _2rdacarrier |
||
| 504 | _aÍndice: páginas I1-I25. | ||
| 505 | 0 | _aLa corporación -- Introducción al análisis de estados financieros -- El arbitraje y la toma de decisiones financieras -- El valor del dinero en el tiempo -- Tasas de interés -- Reglas de decisión para invertir -- Fundamentos de la presupuestación de capital -- Valuación de bonos -- Valuación de acciones -- Los mercados de capital y el establecimiento del precio del riesgo -- Selección de la cartera óptima -- El modelo de valuación de activos de capital -- Modelos alternativos del riesgo sistemático -- La estructura del capital en un mercado perfecto -- Deuda e impuestos -- Dificultades financieras, incentivos a la administración e información -- Política de pagos -- Presupuestación de capital y valuación con apalancamiento -- Valuación y modelos financieros: un caso de estudio -- Opciones financieras -- Valuación de opciones -- Opciones reales -- La Mecánica de la obtención de capital accionario -- Financiamiento con deuda - Arrendamiento -- Administración del capital de trabajo -- Planeación financiera a corto plazo -- Fusiones y adquisiciones -- Gobierno corporativo -- Administración del riesgo -- Finanzas corporativas internacionales. | |
| 526 | _aP203 | ||
| 526 | _aP200 | ||
| 526 | _aSEG65 | ||
| 526 | _aSEG64 | ||
| 526 | _aSEG63 | ||
| 526 | _aSEG62 | ||
| 526 | _aSEG61 | ||
| 526 | _aSEG60 | ||
| 526 | _aSEG59 | ||
| 526 | _aSEG58 | ||
| 526 | _aSEG57 | ||
| 526 | _aSEG56 | ||
| 526 | _aSEG55 | ||
| 526 | _aSEG54 | ||
| 526 | _aSEG53 | ||
| 526 | _aSEG52 | ||
| 526 | _aSEG51 | ||
| 526 | _aSEG50 | ||
| 526 | _aSEG49 | ||
| 526 | _aSEG48 | ||
| 526 | _aSEG47 | ||
| 526 | _aSEG46 | ||
| 526 | _aSEG24 | ||
| 526 | _aSEG23 | ||
| 526 | _aSEG22 | ||
| 526 | _aSEG21 | ||
| 526 | _aSEG20 | ||
| 526 | _aSEG19 | ||
| 526 | _aSEG18 | ||
| 526 | _aSEG17 | ||
| 526 | _aSEG16 | ||
| 526 | _aSEG14 | ||
| 526 | _aSEG13 | ||
| 526 | _aSEG12 | ||
| 526 | _aSEG11 | ||
| 526 | _aSEG10 | ||
| 526 | _aSEG09 | ||
| 526 | _aSEG06 | ||
| 526 | _aSEG05 | ||
| 526 | _aSEG04 | ||
| 526 | _aSEG03 | ||
| 526 | _aSEG02 | ||
| 526 | _aSEG68 | ||
| 526 | _aSEG66 | ||
| 526 | _aSEG45 | ||
| 526 | _aSEG25 | ||
| 526 | _aSEG01 | ||
| 526 | _aP163 | ||
| 526 | _aP162 | ||
| 526 | _aP161 | ||
| 526 | _aP160 | ||
| 526 | _aP159 | ||
| 526 | _aP158 | ||
| 526 | _aP157 | ||
| 526 | _aP156 | ||
| 526 | _aP155 | ||
| 526 | _aP154 | ||
| 526 | _aP153 | ||
| 526 | _aP152 | ||
| 526 | _aP151 | ||
| 526 | _aP150 | ||
| 526 | _aP149 | ||
| 526 | _aP142 | ||
| 526 | _aP141 | ||
| 526 | _aP140 | ||
| 526 | _aP139 | ||
| 526 | _aP138 | ||
| 526 | _aP137 | ||
| 526 | _aP132 | ||
| 526 | _aP131 | ||
| 526 | _aP130 | ||
| 526 | _aP126 | ||
| 526 | _aP125 | ||
| 526 | _aP124 | ||
| 526 | _aP123 | ||
| 526 | _aP115 | ||
| 526 | _aP122 | ||
| 526 | _aP121 | ||
| 526 | _aP116 | ||
| 526 | _a P114 | ||
| 526 | _aP112 | ||
| 526 | _aP111 | ||
| 526 | _aP104 | ||
| 526 | _aP103 | ||
| 526 | _aP102 | ||
| 526 | _aP101 | ||
| 526 | _aP100 | ||
| 526 | _aP96 | ||
| 526 | _aP95 | ||
| 526 | _aP93 | ||
| 526 | _aP92 | ||
| 526 | _aP91 | ||
| 526 | _aP88 | ||
| 526 | _aP83 | ||
| 526 | _aP82 | ||
| 526 | _aP79 | ||
| 526 | _aP78 | ||
| 526 | _aP75 | ||
| 526 | _aP74 | ||
| 526 | _aP71 | ||
| 526 | _aP69 | ||
| 526 | _a P51 | ||
| 526 | _aP49 | ||
| 526 | _aP48 | ||
| 526 | _aP47 | ||
| 526 | _aP33 | ||
| 526 | _aP31 | ||
| 526 | _a P30 | ||
| 526 | _aP29 | ||
| 526 | _aP27 | ||
| 526 | _aP26 | ||
| 526 | _aP25 | ||
| 526 | _aP24 | ||
| 526 | _a P22 | ||
| 526 | _aP10 | ||
| 526 | _aP09 | ||
| 526 | _a P08 | ||
| 526 | _aP06 | ||
| 526 | _aP05 | ||
| 526 | _aP04 | ||
| 526 | _aP01 | ||
| 535 |
_pTítulo original : _tCorporade Finance. |
||
| 541 | _g107-0023237; | ||
| 650 | 0 | 4 |
_aAdministración financiera. _93709 |
| 650 | 0 | 4 | _aDividendos. |
| 650 | 0 | 4 |
_aToma de decisiones. _94989 |
| 650 | 0 | 4 |
_aEmpresas _xFinanzas . |
| 650 | 0 | 4 |
_aGestión Financiera. _94729 |
| 650 | 0 | 4 | _aAspectos Financieros. |
| 700 | 1 |
_aDemarzo, Peter, _eautor. |
|
| 700 | 1 |
_aEnríquez Brito, Javier, _etraductor. |
|
| 700 | 1 |
_aValencia Herrera, Humberto, _erevisor. |
|
| 910 | _csahm | ||
| 942 |
_2ddc _cBOOK |
||
| 949 |
_a658.15 B45 2008 _wDEWEY _c1 _iFJ01639 _lCCODEBUJ1 _mBUJ _p36.74 _r0 _sY _tBOOK _u2016-06-03 _xFCE _PP04 _0COMPRA _o.STAFF. Colección General Juliaca |
||
| 596 | _a1 2 3 | ||
| 999 |
_a658.15 B39 2008 _wDEWEY _c8190 _iFT00695 _f2019-2-20 _g3 _lCATALOGING _mBUT _p20.00 _r0 _sY _tBOOK _u2015-12-15 _xFCE _PP08 _0COMPRA _o.STAFF. Colección General _d8190 |
||
| 999 |
_aPGA 658.15 B39 2008 _wDEWEY _c1 _i72394 _d2018-5-16 _e2017-8-20 _f2021-11-8 _g5 _lCCODEBUL1 _mBUL _n3 _p36.74 _q2 _r0 _sY _tBOOK _u2016-1-12 _xFCE _PP47 _0COMPRA _o.STAFF. Posgrado |
||
| 999 |
_a658.15 B45 2008 _wDEWEY _c1 _iFJ01639 _d2019-5-16 _e2018-6-17 _f2022-1-31 _g4 _lCCODEBUJ1 _mBUJ _n5 _p36.74 _q9 _r0 _sY _tBOOK _u2016-6-6 _xFCE _PP04 _0COMPRA _o.STAFF. Colección General Juliaca |
||
| 980 |
_81 _gALBERTO SANCHEZ Responsable de Automatización |
||